LEADER 00964nam1-2200361---450- 001 990000443970203316 035 $a0044397 035 $aUSA010044397 035 $a(ALEPH)000044397USA01 035 $a0044397 100 $a20010514d1991----km-y0itay0103----ba 101 $aita 102 $aIT 105 $a||||||||001yy 200 1 $a<> cittą e le leggi$fMarcello Caleo 210 $aSalerno$cDottrinari$d1991 215 $av$d22 cm 410 $12001 461 1$1001-------$12001 606 0 $aCittą$xStoria 606 0 $aCittą$xConcezione filosofia$xStoria 676 $a307.7609 700 1$aCALEO,$bMarcello$0280799 801 0$aIT$bsalbc$gISBD 912 $a990000443970203316 951 $aIV C 2464$bLM$cIV C 959 $aBK 969 $aUMA 979 $aPATTY$b90$c20010514$lUSA01$h1214 979 $c20020403$lUSA01$h1652 979 $aPATRY$b90$c20040406$lUSA01$h1631 996 $aCittą e le leggi$9890385 997 $aUNISA LEADER 01992oam 2200457 450 001 9910704718803321 005 20130819153048.0 035 $a(CKB)5470000002444540 035 $a(OCoLC)856021763 035 $a(EXLCZ)995470000002444540 100 $a20130819d2012 ua 0 101 0 $aeng 135 $aur||||||||||| 181 $ctxt$2rdacontent 182 $cc$2rdamedia 183 $acr$2rdacarrier 200 10$aCultural property $eagreement between the United States of America and Mali, signed at Washington, September 19, 1997 with appendix, and agreement extending the agreement, effected by exchange of notes at Bamako, September 11 and 17, 2002, and agreement extending the agreement, as extended, effected by exchange of notes at Bamako, September 11 and 17, 2007 210 1$a[Washington, D.C.] :$cUnited States Department of State,$d[2012?] 215 $a1 online resource (27 unnumbered pages) 225 1 $aTreaties and other international acts series ;$v97-919 300 $aTitle from title screen (viewed on August 19, 2013). 517 $aCultural property 606 $aCultural property$xProtection$xLaw and legislation$zUnited States 606 $aCultural property$xProtection$xLaw and legislation$zMali 606 $aCustoms administration$xLaw and legislation$zMali 606 $aCustoms administration$xLaw and legislation$zUnited States 607 $aNiger River Valley$xAntiquities 607 $aBandiagara Caves (Mali)$xAntiquities 615 0$aCultural property$xProtection$xLaw and legislation 615 0$aCultural property$xProtection$xLaw and legislation 615 0$aCustoms administration$xLaw and legislation 615 0$aCustoms administration$xLaw and legislation 712 02$aUnited States, 712 02$aUnited States.$bDepartment of State, 801 0$bGPO 801 1$bGPO 801 2$bGPO 906 $aBOOK 912 $a9910704718803321 996 $aCultural property$93439492 997 $aUNINA